| 000 | 00371nam a2200145Ia 4500 | ||
|---|---|---|---|
| 008 | 230917s9999||||xx |||||||||||||| ||und|| | ||
| 040 |
_e58429 _aMAIN |
||
| 041 | _aEnglish | ||
| 082 | _a657.48 N664C | ||
| 100 | _aNobes, Christopher, Ed. | ||
| 245 | 0 | _aComparative international accounting | |
| 260 |
_aNew Delhi _bHeritage _c1986 |
||
| 300 | _axvi, 383 p. | ||
| 942 | _cBK | ||
| 999 |
_c52805 _d52805 |
||